000 00563nam a2200205Ii 4500
003 JO-AjNU
008 230606s9999||||xx |||||||||||||| ||und||
020 _a978-3-319-07544-0
040 _aJO-AjNU
_beng
_erda
_cJO-AjNU
041 _aeng
050 1 4 _aQA274.2014
100 3 _aJarvis,Frazer,
_eauthor
_94297
245 0 0 _aAlgebraic Number Theory
264 3 1 _aSPRINGER,2014
300 _a292p
336 _atext
_btxt
_2rdacontent
337 _aunmediated
_bn
_2rdamedia
338 _avolume
_bnc
_2rdacarrier
650 4 _a Algebraic number theory. 
_94298
999 _aE2234
_c2232
_d2232